000 00999cab a2200361 4500
001 ABS53931
008 090401t1995 xxu||||| |||| 00| 0 eng d
035 _a(Sirsi) u7490
041 _aeng
245 _aEstates Times survey: M40 corridor
260 _c1995
350 _a0
490 _aEstates Times
_v(1304) 24 November 1995, 23-31(9)
650 _aBANBURY
650 _aBICESTER
650 _aHIGH WYCOMBE
650 _aINDUSTRIAL MARKET
650 _aINDUSTRIAL RENTS
650 _aM40 CORRIDOR
650 _aMARLOW
650 _aPROPERTY-COMMERCIAL PROPERTY-OFFICE PROPERTY-OFFICE PROPERTY MARKET
650 _aOFFICE RENTS
650 _aOXFORD
650 _aPARK ROYAL
650 _aREDDITCH
650 _aPROPERTY-COMMERCIAL PROPERTY-RETAIL PROPERTY-RETAIL PROPERTY MARKET
650 _aRETAIL RENTS
650 _aUXBRIDGE
650 _aWHITE CITY
690 _aPROPERTY-COMMERCIAL PROPERTY-COMMERCIAL PROPERTY MARKET
942 _n0
948 _c04/03/1997
999 _c4530
_d4530